000 00619nam a2200253Ia 4500
005 20260121153813.0
008 008 260114s9999 xx 000 0 eng d
020 _a9781351104609
037 _aEBOOK
040 _aCRL
040 _beng
040 _cCRL
041 _2eng
041 _aeng
084 _qCRL
100 _aMohammad Pessarakli
_9999313
245 0 _aHandbook of Plant and Crop Stress, Fourth Edition
260 _bTaylor and Francis
260 _c2020
856 _uhttp://www.taylorfrancis.com/books/9781351104609
942 _cEBOOK
999 _c1566134
_d1566134